[Event "Winnipeg Woodbury Memorial"]
[Site "Winnipeg"]
[Date "2019.12.10"]
[Round "6.8"]
[White "Letain, Cory"]
[Black "Klokow, John"]
[Result "1-0"]
[WhiteElo "1838"]
[BlackElo "1676"]
[PlyCount "106"]
[EventDate "2019.11.05"]
[EventType "swiss"]
[EventRounds "6"]
[EventCountry "CAN"]
[SourceTitle "EXT 2023"]
[Source "ChessBase"]
[SourceDate "2022.10.05"]
[SourceVersion "1"]
[SourceVersionDate "2022.10.05"]
[SourceQuality "1"]

1. e4 e5 2. Nf3 Nc6 3. Bb5 Nf6 4. 0-0 Nxe4 5. d4 Nd6 6. Bxc6 dxc6 7. dxe5 Nf5 8. Qxd8+ Kxd8 9. Bg5+ Be7 10. Nc3 h6 11. Bxe7+ Nxe7 12. Rad1+ Ke8 13. Nd4 Nf5 14. Rfe1 Nxd4 15. Rxd4 Bf5 16. f4 Rd8 17. Rxd8+ Kxd8 18. Ne4 Ke7 19. Kf2 Rd8 20. h3 Rd4 21. Kf3 b6 22. g4 Bc8 23. Ke3 c5 24. c3 Rd8 25. f5 Ba6 26. f6+ gxf6 27. exf6+ Ke6 28. Kf4 Kd7 29. Rd1+ Ke8 30. Rxd8+ Kxd8 31. g5 h5 32. Ng3 Bc8 33. h4 Bg4 34. Nf5 Kd7 35. Nh6 Be6 36. a3 Kd6 37. Nf5+ Kd5 38. b3 a5 39. c4+ Kc6 40. Ke5 Kd7 41. Ne7 a4 42. bxa4 Bxc4 43. g6 fxg6 44. Nxg6 Ke8 45. Nf4 Bf7 46. Nd5 Kd7 47. a5 bxa5 48. Nc3 Kc6 49. Ne4 Kb5 50. Ng5 Bb3 51. Ne6 c4 52. f7 c3 53. f8Q Bc2 1-0

[Event "Winnipeg Woodbury Memorial"]
[Site "Winnipeg"]
[Date "2019.12.03"]
[Round "5.12"]
[White "Klokow, John"]
[Black "Gannon, Keith"]
[Result "1-0"]
[WhiteElo "1676"]
[BlackElo "1503"]
[PlyCount "89"]
[EventDate "2019.11.05"]
[EventType "swiss"]
[EventRounds "6"]
[EventCountry "CAN"]
[SourceTitle "EXT 2023"]
[Source "ChessBase"]
[SourceDate "2022.10.05"]
[SourceVersion "1"]
[SourceVersionDate "2022.10.05"]
[SourceQuality "1"]

1. e4 e5 2. Nf3 d6 3. Bc4 Be7 4. 0-0 Nf6 5. d3 0-0 6. a4 Nc6 7. h3 a5 8. Nbd2 Bd7 9. Re1 h6 10. Nf1 b6 11. Ng3 Re8 12. c3 Bf8 13. Nh4 Be6 14. Bxe6 Rxe6 15. Nhf5 Ne7 16. Qf3 d5 17. Be3 dxe4 18. dxe4 Ng6 19. Red1 Qc8 20. Rd2 c5 21. Rad1 Re8 22. Nxh6+ gxh6 23. Qxf6 Qe6 24. Qxe6 Rxe6 25. Nf5 h5 26. Rd7 Rc8 27. Rb7 Nh8 28. Ng3 h4 29. Nf5 Ng6 30. Rdd7 Rf6 31. Bg5 Rfc6 32. Rxf7 c4 33. Nxh4 Nxh4 34. Bxh4 Rg6 35. Kh2 Bg7 36. g4 Bh6 37. g5 Bxg5 38. Bxg5 Rxg5 39. h4 Rg4 40. Kh3 Rxe4 41. h5 Rd8 42. h6 Rd3+ 43. f3 Rf4 44. Rg7+ Kf8 45. Rb8+ 1-0

[Event "Winnipeg Woodbury Memorial"]
[Site "Winnipeg"]
[Date "2018.11.20"]
[Round "3.12"]
[White "Klokow, John"]
[Black "Letain, Cory"]
[Result "0-1"]
[WhiteElo "1748"]
[BlackElo "1691"]
[PlyCount "56"]
[EventDate "2018.11.06"]
[EventType "swiss"]
[EventRounds "7"]
[EventCountry "CAN"]
[SourceTitle "EXT 2022"]
[Source "ChessBase"]
[SourceDate "2021.10.06"]
[SourceVersion "1"]
[SourceVersionDate "2021.10.06"]
[SourceQuality "1"]

1. e4 e5 2. Nf3 Nf6 3. Nc3 Bb4 4. Nxe5 Bxc3 5. dxc3 d6 6. Nd3 Nxe4 7. Be2 0-0 8. Nf4 Nc6 9. 0-0 Re8 10. Be3 Qh4 11. Nd5 Qd8 12. Bd3 Re5 13. c4 Nf6 14. Bf4 Re8 15. Bg5 Ne5 16. h3 Nxd3 17. Qxd3 c6 18. Nxf6+ gxf6 19. Bh6 Kh8 20. Rad1 Rg8 21. Kh2 Rg6 22. Bf4 Qa5 23. Qxd6 Be6 24. Bd2 Qxa2 25. Bc3 Qxc4 26. Rfe1 Qh4 27. Qd4 Rxg2+ 28. Kxg2 Qxh3+ 0-1

[Event "Winnipeg op"]
[Site "Winnipeg"]
[Date "2018.06.19"]
[Round "3"]
[White "Magyar, Peter"]
[Black "Klokow, John"]
[Result "0-1"]
[WhiteElo "1487"]
[BlackElo "1767"]
[PlyCount "82"]
[EventDate "2018.06.05"]
[EventType "swiss"]
[EventRounds "8"]
[EventCountry "CAN"]
[SourceTitle "EXT 2022"]
[Source "ChessBase"]
[SourceDate "2021.10.06"]
[SourceVersion "1"]
[SourceVersionDate "2021.10.06"]
[SourceQuality "1"]

1. d4 Nf6 2. Bf4 g6 3. e3 Bg7 4. Be2 0-0 5. h3 c5 6. c3 cxd4 7. cxd4 d6 8. Nf3 Bd7 9. 0-0 Bc6 10. Nbd2 Nbd7 11. Rc1 Re8 12. Bc4 e5 13. Bg5 d5 14. Be2 e4 15. Nh2 h5 16. Re1 Nf8 17. Nhf1 Ne6 18. Bh4 Qd7 19. b3 Nh7 20. Bg3 f5 21. h4 Bf6 22. a4 Qe7 23. Bxh5 gxh5 24. Qxh5 Ng7 25. Qd1 Bxh4 26. Nb1 Rac8 27. Nc3 Bxg3 28. Nxg3 Rcd8 29. Nce2 Rf8 30. Nf4 Ne6 31. Ng6 Qg5 32. Nxf8 Rxf8 33. Kf1 Nf6 34. Re2 f4 35. exf4 Nxf4 36. Re3 Ng4 37. Nxe4 Nxe3+ 38. fxe3 Qxg2+ 39. Ke1 Qxe4 40. Kd2 Qd3+ 41. Ke1 Qxd1+ 0-1

[Event "Winnipeg op"]
[Site "Winnipeg"]
[Date "2018.06.12"]
[Round "2"]
[White "Klokow, John"]
[Black "Wolchock, Theo"]
[Result "0-1"]
[WhiteElo "1767"]
[BlackElo "2021"]
[PlyCount "72"]
[EventDate "2018.06.05"]
[EventType "swiss"]
[EventRounds "8"]
[EventCountry "CAN"]
[SourceTitle "EXT 2022"]
[Source "ChessBase"]
[SourceDate "2021.10.06"]
[SourceVersion "1"]
[SourceVersionDate "2021.10.06"]
[SourceQuality "1"]

1. e4 e5 2. Nf3 Nc6 3. Bb5 Nf6 4. 0-0 Nxe4 5. d4 Nd6 6. Bxc6 dxc6 7. dxe5 Nf5 8. Qxd8+ Kxd8 9. Nc3 Ke8 10. Bf4 Be6 11. Rad1 h5 12. Ng5 Rh6 13. a3 Be7 14. Rfe1 Rg6 15. Nxe6 Rxe6 16. Ne4 Rd8 17. Rxd8+ Kxd8 18. Ng5 Rg6 19. Nxf7+ Ke8 20. e6 Nd4 21. Kf1 Nxe6 22. Ne5 Nxf4 23. Nxg6 Nxg6 24. g3 Kf7 25. f4 Bf6 26. Re3 Ne7 27. c4 Nf5 28. Rd3 Ke6 29. b3 b5 30. Kf2 bxc4 31. bxc4 Nd6 32. Re3+ Kf7 33. Rb3 Nxc4 34. Rb7 Bd4+ 35. Kf3 Bb6 36. a4 a5 0-1

[Event "Winnipeg TNT May op"]
[Site "Winnipeg"]
[Date "2018.05.08"]
[Round "2"]
[White "Klokow, John"]
[Black "Tarasoff, Shawn"]
[Result "1-0"]
[WhiteElo "1774"]
[BlackElo "1400"]
[PlyCount "39"]
[EventDate "2018.05.01"]
[EventType "swiss"]
[EventRounds "5"]
[EventCountry "CAN"]
[SourceTitle "EXT 2022"]
[Source "ChessBase"]
[SourceDate "2021.10.06"]
[SourceVersion "1"]
[SourceVersionDate "2021.10.06"]
[SourceQuality "1"]

1. e4 e5 2. Nf3 Nc6 3. Bb5 Nge7 4. c3 a6 5. Ba4 b5 6. Bb3 Ng6 7. d3 Bc5 8. 0-0 0-0 9. Re1 d6 10. Nbd2 Nf4 11. Nf1 Ne6 12. Be3 Qe8 13. d4 exd4 14. cxd4 Bb4 15. Re2 Na5 16. Bxe6 Qxe6 17. a3 Bxa3 18. bxa3 Qxe4 19. Bd2 Qg6 20. Bxa5 1-0

[Event "Winnipeg TNT March op"]
[Site "Winnipeg"]
[Date "2018.03.06"]
[Round "1"]
[White "Trueman, Francis"]
[Black "Klokow, John"]
[Result "0-1"]
[WhiteElo "1452"]
[BlackElo "1768"]
[PlyCount "43"]
[EventDate "2018.03.06"]
[EventType "swiss"]
[EventRounds "4"]
[EventCountry "CAN"]
[SourceTitle "EXT 2022"]
[Source "ChessBase"]
[SourceDate "2021.10.06"]
[SourceVersion "1"]
[SourceVersionDate "2021.10.06"]
[SourceQuality "1"]

1. e4 e5 2. Nf3 Nc6 3. d3 Nf6 4. Nbd2 Bc5 5. h3 0-0 6. g3 a5 7. a4 h6 8. Bg2 d6 9. 0-0 Be6 10. Nh2 Qd7 11. g4 Rad8 12. Qf3 Nd4 13. Qd1 d5 14. Nb3 Nxb3 15. cxb3 dxe4 16. Qc2 Bb6 17. dxe4 Qd3 18. Qxd3 Rxd3 19. Nf3 Nd7 20. Nd2 Bxb3 21. Nxb3 Rxb3 22. Bf3 0-1

[Event "Winnipeg TNT September op"]
[Site "Winnipeg"]
[Date "2016.09.20"]
[Round "3"]
[White "Konara, Harshani"]
[Black "Klokow, John"]
[Result "1-0"]
[WhiteElo "1860"]
[BlackElo "1760"]
[PlyCount "55"]
[EventDate "2016.09.06"]
[EventType "swiss"]
[EventRounds "4"]
[EventCountry "CAN"]
[SourceTitle "EXT 2022"]
[Source "ChessBase"]
[SourceDate "2021.10.06"]
[SourceVersion "1"]
[SourceVersionDate "2021.10.06"]
[SourceQuality "1"]

1. c4 e5 2. Nc3 Nf6 3. g3 d5 4. cxd5 Nxd5 5. Bg2 Nb6 6. d3 Be7 7. Nf3 Nc6 8. Be3 0-0 9. 0-0 Be6 10. Ne4 Nd7 11. d4 exd4 12. Nxd4 Nxd4 13. Bxd4 c6 14. Qc2 Bd5 15. Rfd1 Qa5 16. a3 Rac8 17. b4 Qc7 18. Rac1 a5 19. Qc3 axb4 20. axb4 Bxe4 21. Bxe4 f6 22. Bf5 Rcd8 23. Qc4+ Kh8 24. Qe6 Bxb4 25. Qe4 Rfe8 26. Qh4 Nf8 27. Bxf6 Ba3 28. Bxd8 1-0

[Event "Winnipeg op"]
[Site "Winnipeg"]
[Date "2016.07.26"]
[Round "8"]
[White "Remillard, John"]
[Black "Klokow, John"]
[Result "1-0"]
[WhiteElo "1669"]
[BlackElo "1798"]
[PlyCount "65"]
[EventDate "2016.06.07"]
[EventType "swiss"]
[EventRounds "8"]
[EventCountry "CAN"]
[SourceTitle "EXT 2022"]
[Source "ChessBase"]
[SourceDate "2021.10.06"]
[SourceVersion "1"]
[SourceVersionDate "2021.10.06"]
[SourceQuality "1"]

1. e4 e5 2. Nf3 Nc6 3. g3 Nf6 4. d3 d5 5. Nbd2 d4 6. Bg2 Be6 7. 0-0 h6 8. h3 Qd7 9. Kh2 0-0-0 10. a3 g5 11. Ng1 Bd6 12. b4 a6 13. Rb1 g4 14. h4 Rdf8 15. Nb3 b6 16. Bd2 Na7 17. Qc1 Rfg8 18. c4 dxc3 19. Bxc3 Qa4 20. Nd2 Nb5 21. Nc4 Bxc4 22. dxc4 Nxc3 23. Qxc3 Qc6 24. Rfe1 Rd8 25. Qb3 Qe8 26. c5 bxc5 27. bxc5 Bxc5 28. Qb7+ Kd7 29. Red1+ Bd6 30. Qxa6 Ra8 31. Qc4 Rxa3 32. Rxd6+ cxd6 33. Rb7+ 1-0

[Event "Winnipeg op"]
[Site "Winnipeg"]
[Date "2016.06.21"]
[Round "3"]
[White "Campbell, Jamie"]
[Black "Klokow, John"]
[Result "1-0"]
[WhiteElo "1839"]
[BlackElo "1798"]
[PlyCount "53"]
[EventDate "2016.06.07"]
[EventType "swiss"]
[EventRounds "8"]
[EventCountry "CAN"]
[SourceTitle "EXT 2022"]
[Source "ChessBase"]
[SourceDate "2021.10.06"]
[SourceVersion "1"]
[SourceVersionDate "2021.10.06"]
[SourceQuality "1"]

1. Nf3 Nf6 2. g3 g6 3. b4 Bg7 4. Bb2 0-0 5. Bg2 d5 6. 0-0 Nbd7 7. d3 c6 8. Nbd2 Nb6 9. a4 a5 10. b5 cxb5 11. axb5 Bd7 12. c4 dxc4 13. dxc4 Be6 14. c5 Nc4 15. Bc3 Qc8 16. Ng5 Nxd2 17. Nxe6 Nxf1 18. Nxf8 Nxh2 19. c6 bxc6 20. Bxc6 Kxf8 21. Bxa8 Qxa8 22. Rxa5 Qc8 23. Bxf6 Ng4 24. Bxg7+ Kxg7 25. b6 Nf6 26. Ra7 Qb8 27. Qd4 1-0

[Event "Winnipeg Mundwiler Memorial"]
[Site "Winnipeg"]
[Date "2015.10.13"]
[Round "2"]
[White "Klokow, John"]
[Black "Bince, Rolando"]
[Result "0-1"]
[WhiteElo "1805"]
[BlackElo "1959"]
[PlyCount "36"]
[EventDate "2015.10.06"]
[EventType "swiss"]
[EventRounds "4"]
[EventCountry "CAN"]
[SourceTitle "EXT 2022"]
[Source "ChessBase"]
[SourceDate "2021.10.06"]
[SourceVersion "1"]
[SourceVersionDate "2021.10.06"]
[SourceQuality "1"]

1. e4 e6 2. d4 d5 3. Nc3 Nf6 4. e5 Nfd7 5. Nce2 c5 6. c3 Nc6 7. f4 cxd4 8. cxd4 Bb4+ 9. Bd2 Qb6 10. Nf3 0-0 11. h4 f6 12. Rh3 fxe5 13. fxe5 Ndxe5 14. dxe5 Nxe5 15. Bxb4 Qxb4+ 16. Kf2 Qe4 17. Ned4 Ng4+ 18. Kg1 Qe3+ 0-1

[Event "Winnipeg April TNT"]
[Site "Winnipeg"]
[Date "2015.04.14"]
[Round "2.4"]
[White "Klokow, John"]
[Black "Huston Earle, Joshua"]
[Result "1-0"]
[WhiteElo "1806"]
[BlackElo "1613"]
[PlyCount "51"]
[EventDate "2015.04.07"]
[EventType "swiss"]
[EventRounds "4"]
[EventCountry "CAN"]
[SourceTitle "EXT 2019"]
[Source "ChessBase"]
[SourceDate "2018.10.10"]
[SourceVersion "1"]
[SourceVersionDate "2018.10.10"]
[SourceQuality "1"]

1. e4 c5 2. Ne2 e6 3. d4 cxd4 4. Nxd4 Nf6 5. Nc3 Nc6 6. Nxc6 bxc6 7. e5 Ng8 8. Be2 Bc5 9. Ne4 Be7 10. 0-0 f6 11. Nd6+ Bxd6 12. exd6 f5 13. Bh5+ g6 14. Bf3 Nf6 15. Bh6 Ba6 16. Re1 Qb6 17. Bg7 Kf7 18. Bxh8 Rxh8 19. b3 h5 20. Qd2 Qc5 21. Rad1 Ng4 22. Qd4 Qxd4 23. Rxd4 e5 24. Ra4 Bb5 25. Rxa7 Ke6 26. a4 1-0

[Event "Winnipeg February TNT"]
[Site "Winnipeg"]
[Date "2015.02.17"]
[Round "3.4"]
[White "Klokow, John"]
[Black "Evans, Jason"]
[Result "1-0"]
[WhiteElo "1807"]
[BlackElo "1546"]
[PlyCount "81"]
[EventDate "2015.02.03"]
[EventType "swiss"]
[EventRounds "4"]
[EventCountry "CAN"]
[SourceTitle "EXT 2019"]
[Source "ChessBase"]
[SourceDate "2018.10.10"]
[SourceVersion "1"]
[SourceVersionDate "2018.10.10"]
[SourceQuality "1"]

1. e4 e6 2. d4 d5 3. Nc3 c5 4. exd5 exd5 5. dxc5 Nf6 6. Be3 Nc6 7. Bb5 a6 8. Bxc6+ bxc6 9. Na4 Be7 10. Nb6 Rb8 11. Nf3 0-0 12. h3 Re8 13. 0-0 a5 14. Qd2 Bxc5 15. Bxc5 Ne4 16. Qxa5 Nxc5 17. Qxc5 Qxb6 18. Qxb6 Rxb6 19. Rfe1 Kf8 20. Rxe8+ Kxe8 21. b3 Bf5 22. Re1+ Kd8 23. Re2 f6 24. Kf1 Kd7 25. Nd4 Bg6 26. Ne6 Bxc2 27. Nc5+ Kd6 28. Rxc2 d4 29. Nd3 Rb8 30. Ke1 g5 31. g4 h5 32. b4 hxg4 33. hxg4 Rh8 34. a4 Rh1+ 35. Ke2 Ra1 36. a5 Ra3 37. Rd2 Kd5 38. f4 Ra1 39. fxg5 fxg5 40. Rc2 Ra3 41. Rc5+ 1-0

[Event "Winnipeg February TNT"]
[Site "Winnipeg"]
[Date "2015.02.03"]
[Round "1.4"]
[White "Klokow, John"]
[Black "Huston Earle, Joshua"]
[Result "1-0"]
[WhiteElo "1807"]
[BlackElo "1503"]
[PlyCount "117"]
[EventDate "2015.02.03"]
[EventType "swiss"]
[EventRounds "4"]
[EventCountry "CAN"]
[SourceTitle "EXT 2019"]
[Source "ChessBase"]
[SourceDate "2018.10.10"]
[SourceVersion "1"]
[SourceVersionDate "2018.10.10"]
[SourceQuality "1"]

1. e4 c5 2. Ne2 e6 3. d4 cxd4 4. Nxd4 Nf6 5. Nc3 Nc6 6. Nxc6 bxc6 7. e5 Nd5 8. Ne4 Qc7 9. f4 Be7 10. Be2 0-0 11. c4 Bb4+ 12. Kf1 f5 13. Nf2 Ne7 14. Be3 d5 15. c5 Rd8 16. Bd4 Ba5 17. Qa4 Bd2 18. g3 Qa5 19. Qxa5 Bxa5 20. a3 Bc7 21. Nd1 a5 22. Ne3 Ba6 23. Bxa6 Rxa6 24. a4 Raa8 25. Ke2 Kf7 26. Nc2 Rab8 27. Bc3 Rd7 28. Nd4 h5 29. Ra3 Ra8 30. Rc1 Rdd8 31. Rb3 Rab8 32. Rxb8 Rxb8 33. Ra1 Ra8 34. Kd3 Ra6 35. Ra3 Bb8 36. b4 Bc7 37. b5 cxb5 38. axb5 Ra8 39. b6 Bb8 40. c6 a4 41. Bb4 g6 42. c7 Bxc7 43. bxc7 Nc8 44. Bc5 Ke8 45. Nxe6 Kd7 46. Nf8+ Kxc7 47. Nxg6 Kc6 48. Kd4 Ra5 49. Ne7+ Nxe7 50. Bxe7 Kd7 51. Bb4 Ra6 52. Kxd5 Ra7 53. e6+ Ke8 54. Ke5 h4 55. Kxf5 hxg3 56. Rxg3 Rg7 57. Rxg7 Kd8 58. e7+ Kd7 59. Rg8 1-0

[Event "Winnipeg TNT August op"]
[Site "Winnipeg"]
[Date "2011.08.23"]
[Round "3"]
[White "Klokow, John"]
[Black "Joven, Perfecto"]
[Result "1-0"]
[WhiteElo "1807"]
[BlackElo "2006"]
[PlyCount "83"]
[EventDate "2011.08.09"]
[EventType "swiss"]
[EventRounds "4"]
[EventCountry "CAN"]
[SourceTitle "EXT 2022"]
[Source "ChessBase"]
[SourceDate "2021.10.06"]
[SourceVersion "1"]
[SourceVersionDate "2021.10.06"]
[SourceQuality "1"]

1. e4 Nf6 2. e5 Nd5 3. d4 d6 4. c4 Nb6 5. f4 g6 6. Be3 Bg7 7. Nc3 0-0 8. Be2 c6 9. Nf3 Qc7 10. 0-0 Bh6 11. Qd2 Rd8 12. exd6 exd6 13. Rae1 N8d7 14. f5 Bg7 15. fxg6 hxg6 16. Bf4 Nf6 17. c5 Nbd5 18. Nxd5 cxd5 19. Bxd6 Rxd6 20. cxd6 Qxd6 21. Bd3 Ng4 22. Re8+ Bf8 23. h3 Nf6 24. Re2 Qg3 25. Qg5 Nh5 26. Re8 Kg7 27. Qxg3 Nxg3 28. Rc1 Bf5 29. Rxa8 Bxd3 30. Kf2 Bd6 31. Ne5 Nf5 32. Nxd3 Nxd4 33. Rxa7 b6 34. Rcc7 Ne6 35. Rxf7+ Kg8 36. Rfd7 Bf8 37. Ne5 Nc5 38. Rd8 Ne6 39. Rda8 d4 40. Nxg6 d3 41. Nxf8 Nxf8 42. Ke3 1-0

[Event "Winnipeg MCA Champions"]
[Site "Winnipeg"]
[Date "2010.12.07"]
[Round "6"]
[White "Schulz, Waldemar"]
[Black "Klokow, John"]
[Result "1-0"]
[WhiteElo "2075"]
[BlackElo "1820"]
[PlyCount "68"]
[EventDate "2010.11.02"]
[EventType "swiss"]
[EventRounds "6"]
[EventCountry "CAN"]
[SourceTitle "EXT 2019"]
[Source "ChessBase"]
[SourceDate "2018.10.10"]
[SourceVersion "1"]
[SourceVersionDate "2018.10.10"]
[SourceQuality "1"]

1. d4 d5 2. Nf3 Nf6 3. c4 c6 4. g3 dxc4 5. Bg2 Bf5 6. 0-0 e6 7. Ne5 Be7 8. Nc3 0-0 9. a4 Nbd7 10. Nxc4 Nb6 11. Ne5 Nbd5 12. Re1 Nxc3 13. bxc3 Ne4 14. Qb3 Nd6 15. a5 f6 16. Nd3 Nb5 17. a6 Qd7 18. e4 Bg6 19. Bh3 f5 20. Ne5 Qc7 21. Qxe6+ Bf7 22. Nxf7 Rxf7 23. Bxf5 Raf8 24. Qb3 Kh8 25. Be3 g6 26. Be6 Rf3 27. Bg4 R3f7 28. Bh6 Rxf2 29. Bxf8 Rxf8 30. axb7 Rb8 31. Bc8 Nd6 32. Rxa7 Nxc8 33. bxc8Q+ Qxc8 34. Qf7 Rb7 1-0

[Event "Winnipeg MCA Champions"]
[Site "Winnipeg"]
[Date "2010.11.23"]
[Round "4"]
[White "Boron, Anthony"]
[Black "Klokow, John"]
[Result "1-0"]
[WhiteElo "2014"]
[BlackElo "1820"]
[PlyCount "75"]
[EventDate "2010.11.02"]
[EventType "swiss"]
[EventRounds "6"]
[EventCountry "CAN"]
[SourceTitle "EXT 2019"]
[Source "ChessBase"]
[SourceDate "2018.10.10"]
[SourceVersion "1"]
[SourceVersionDate "2018.10.10"]
[SourceQuality "1"]

1. d4 d5 2. c4 c6 3. Nf3 Nf6 4. e3 Bf5 5. cxd5 cxd5 6. Qb3 Qc7 7. Bd2 Nc6 8. Nc3 e6 9. Rc1 Be7 10. Be2 0-0 11. 0-0 Nd7 12. a3 Qb6 13. Qa2 Rac8 14. Na4 Qd8 15. b4 Nb6 16. Nc5 Bxc5 17. bxc5 Nd7 18. Qb2 Rb8 19. h3 b6 20. Qb5 Qc7 21. cxb6 Rxb6 22. Qa4 Qb7 23. Rfe1 h6 24. Rc3 Ne7 25. Rec1 Rc8 26. Rxc8+ Nxc8 27. Bb4 Nd6 28. Ne5 Nxe5 29. dxe5 Nc4 30. Bxc4 dxc4 31. Qe8+ Kh7 32. Rxc4 Be4 33. Rc8 Bxg2 34. Qh8+ Kg6 35. Rg8 f6 36. exf6 Bh1 37. Rxg7+ Kxf6 38. Rxb7+ 1-0

[Event "Winnipeg MCA Champions"]
[Site "Winnipeg"]
[Date "2010.11.16"]
[Round "3"]
[White "Klokow, John"]
[Black "Green, Jim"]
[Result "1-0"]
[WhiteElo "1820"]
[BlackElo "1822"]
[PlyCount "83"]
[EventDate "2010.11.02"]
[EventType "swiss"]
[EventRounds "6"]
[EventCountry "CAN"]
[SourceTitle "EXT 2019"]
[Source "ChessBase"]
[SourceDate "2018.10.10"]
[SourceVersion "1"]
[SourceVersionDate "2018.10.10"]
[SourceQuality "1"]

1. e4 d6 2. d4 Nf6 3. Nc3 e5 4. dxe5 dxe5 5. Qxd8+ Kxd8 6. Bc4 Ke8 7. f3 c6 8. a4 Bb4 9. Nge2 h6 10. Be3 Nbd7 11. 0-0-0 Ke7 12. Na2 Bc5 13. Bd2 a5 14. Bc3 Nb6 15. Bb3 Nbd7 16. Kb1 Re8 17. Nac1 Kf8 18. Nd3 b5 19. axb5 cxb5 20. Nxc5 Nxc5 21. Bd5 Bb7 22. Bxb7 Nxb7 23. Nc1 b4 24. Be1 Nc5 25. Bf2 Rac8 26. Rd6 Re6 27. Rxe6 Nxe6 28. Rd1 Rd8 29. Rxd8+ Nxd8 30. Ka2 Nc6 31. Kb3 Nd7 32. Ka4 Ke7 33. Nb3 Kd6 34. Nxa5 Ndb8 35. Nxc6 Nxc6 36. Kb5 b3 37. c3 g6 38. Kc4 f5 39. Kxb3 g5 40. exf5 g4 41. Kc4 gxf3 42. Bc5+ 1-0

[Event "Yanofsky Memorial op 8th"]
[Site "Winnipeg"]
[Date "2010.09.05"]
[Round "5"]
[White "Lipnowski, Samuel"]
[Black "Klokow, John"]
[Result "1-0"]
[WhiteElo "2244"]
[BlackElo "1748"]
[PlyCount "107"]
[EventDate "2010.09.03"]
[EventType "swiss"]
[EventRounds "5"]
[EventCountry "CAN"]
[SourceTitle "EXT 2019"]
[Source "ChessBase"]
[SourceDate "2018.10.10"]
[SourceVersion "1"]
[SourceVersionDate "2018.10.10"]
[SourceQuality "1"]

1. e4 e5 2. Nf3 Nc6 3. Bb5 Nf6 4. 0-0 Nxe4 5. d4 Nd6 6. Bxc6 dxc6 7. dxe5 Nf5 8. Qxd8+ Kxd8 9. Nc3 Ne7 10. h3 Ng6 11. Ne4 h6 12. b3 Be6 13. Bb2 c5 14. c4 Ke8 15. Rad1 Rd8 16. Rxd8+ Kxd8 17. Nfd2 Nf4 18. Kh2 Be7 19. Kg3 g5 20. Kf3 Kc8 21. Kg3 Rd8 22. f3 Rd3 23. Kf2 Bf8 24. Ba1 b6 25. Re1 Rd8 26. Kg1 Kb7 27. Nf1 a5 28. a4 Rd3 29. Rb1 Bf5 30. Nfd2 Be6 31. Kf1 Re3 32. Nf2 Bf5 33. Nde4 Be6 34. Ng4 Rxb3 35. Rc1 Rb4 36. Ne3 Rxa4 37. Nf2 Ra2 38. Ned1 c6 39. Bb2 Ra4 40. Ne3 Rb4 41. Rc2 a4 42. g3 Ng6 43. Nd3 Rb3 44. Ke2 a3 45. Bc1 Ka6 46. Ra2 Rc3 47. Bxa3 Bxc4 48. Nxc4 Rxc4 49. Bxc5+ Kb7 50. Be3 Be7 51. Nb2 Rc2+ 52. Kd3 Rh2 53. Bxb6 Kxb6 54. Nc4+ 1-0

[Event "Winnipeg TNT August op"]
[Site "Winnipeg"]
[Date "2010.08.24"]
[Round "4.4"]
[White "Klokow, John"]
[Black "Evans, Brian"]
[Result "1-0"]
[WhiteElo "1744"]
[BlackElo "1590"]
[PlyCount "107"]
[EventDate "2010.08.03"]
[EventType "swiss"]
[EventRounds "4"]
[EventCountry "CAN"]
[SourceTitle "EXT 2022"]
[Source "ChessBase"]
[SourceDate "2021.10.06"]
[SourceVersion "1"]
[SourceVersionDate "2021.10.06"]
[SourceQuality "1"]

1. e4 c5 2. Ne2 e5 3. g3 Nf6 4. Bg2 d5 5. exd5 Nxd5 6. 0-0 Be7 7. Nbc3 Be6 8. d3 0-0 9. f4 exf4 10. Nxf4 Nxf4 11. Bxf4 Nc6 12. Ne4 Qd4+ 13. Kh1 Qxb2 14. Rb1 Qxa2 15. Rxb7 Bd8 16. Nxc5 Bd5 17. Nb3 Bxg2+ 18. Kxg2 Na5 19. Nxa5 Qxa5 20. Qf3 Rc8 21. c4 Bc7 22. Be3 a6 23. c5 Qa2+ 24. Rf2 Qe6 25. d4 Rfd8 26. Qf5 Qc6+ 27. Qf3 Qxf3+ 28. Rxf3 f6 29. Rf2 Ba5 30. Rc2 Rc6 31. Kf3 Rc7 32. Rxc7 Bxc7 33. Ke4 Re8+ 34. Kd3 Kf7 35. d5 Rd8 36. Kc4 a5 37. d6 Bxd6 38. cxd6 Rxd6 39. Ra2 Ra6 40. Kb5 Ra8 41. Rxa5 Rxa5+ 42. Kxa5 Ke6 43. Kb5 Kd5 44. Kb4 Ke4 45. Bc5 g5 46. Be7 Ke5 47. Kc3 g4 48. Kd3 f5 49. Ke3 Ke6 50. Bd8 Kf7 51. Kf4 Kg6 52. Bh4 h6 53. Bd8 Kh5 54. Kxf5 1-0

[Event "Yanofsky Memorial op"]
[Site "Winnipeg"]
[Date "2009.09.06"]
[Round "5"]
[White "Atem, James"]
[Black "Klokow, John"]
[Result "1-0"]
[WhiteElo "1826"]
[BlackElo "1740"]
[PlyCount "51"]
[EventDate "2009.09.04"]
[EventType "swiss"]
[EventRounds "5"]
[EventCountry "CAN"]
[SourceTitle "EXT 2011"]
[Source "ChessBase"]
[SourceDate "2010.11.26"]
[SourceVersion "1"]
[SourceVersionDate "2010.11.26"]
[SourceQuality "1"]

1. e4 e5 2. Nf3 Nc6 3. Bc4 Nf6 4. Ng5 Bc5 5. Nxf7 Bxf2+ 6. Kxf2 Nxe4+ 7. Kg1 Qh4 8. g3 Qf6 9. Qe2 Nc5 10. Nxh8 Nd4 11. Qf2 Qxf2+ 12. Kxf2 Nxc2 13. Na3 Nxa1 14. d3 d5 15. Bxd5 Nxd3+ 16. Ke3 Nb4 17. Bf7+ Ke7 18. Bd2 Nac2+ 19. Nxc2 Nxc2+ 20. Ke4 Bd7 21. Kxe5 Rxh8 22. Bb3 Bc6 23. Rd1 Nd4 24. Kxd4 Rd8+ 25. Kc3 Rf8 26. Bf4 1-0

[Event "Yanofsky Memorial op"]
[Site "Winnipeg"]
[Date "2009.09.05"]
[Round "2"]
[White "Klokow, John"]
[Black "Czypinski, Jaroslaw"]
[Result "1-0"]
[WhiteElo "1740"]
[BlackElo "1880"]
[PlyCount "151"]
[EventDate "2009.09.04"]
[EventType "swiss"]
[EventRounds "5"]
[EventCountry "CAN"]
[SourceTitle "EXT 2011"]
[Source "ChessBase"]
[SourceDate "2010.11.26"]
[SourceVersion "1"]
[SourceVersionDate "2010.11.26"]
[SourceQuality "1"]

1. e4 d5 2. exd5 Nf6 3. Nf3 Bg4 4. Bb5+ c6 5. dxc6 bxc6 6. Be2 Nbd7 7. d4 Qc7 8. 0-0 e6 9. c3 Bd6 10. h3 Bh5 11. Nbd2 0-0 12. Nc4 Be7 13. Nfe5 Bxe2 14. Qxe2 Nxe5 15. Nxe5 Nd7 16. Nxd7 Qxd7 17. Bf4 Qb7 18. Rfe1 Bf6 19. Bd6 Rfd8 20. Ba3 Rd5 21. f4 Bh4 22. Rf1 Be7 23. Bxe7 Qxe7 24. Rae1 Qd7 25. Qc2 g6 26. Re5 Rd6 27. Rfe1 Rd8 28. Qa4 Qb7 29. b3 Rd5 30. Kf1 R5d7 31. Ra5 Qc7 32. g3 h6 33. h4 Qb7 34. Rc5 Rc8 35. Qc4 Rd6 36. Ree5 Qd7 37. Ra5 Rc7 38. Ra6 Rd5 39. Qb4 Qc8 40. Ra5 Rb7 41. Qc4 Qc7 42. Raxd5 cxd5 43. Qxc7 Rxc7 44. Re3 Kf8 45. Ke2 Ke7 46. Kd3 Rc6 47. Re2 Ra6 48. Rc2 Kd6 49. c4 dxc4+ 50. Kxc4 Rc6+ 51. Kd3 Ra6 52. a4 Rb6 53. Rc3 Rb4 54. Ke4 f6 55. Rd3 f5+ 56. Ke3 Kd5 57. Rc3 a6 58. Rc5+ Kd6 59. Rc3 Rb8 60. Kd3 Rd8 61. Rc5 Rb8 62. Kc4 Kd7 63. Ra5 Rb6 64. b4 Kd6 65. b5 axb5+ 66. axb5 Kd7 67. Ra7+ Ke8 68. Kc5 Rb8 69. b6 Rc8+ 70. Rc7 Rb8 71. Kc6 Kd8 72. b7 e5 73. Rh7 Rxb7 74. Rxb7 exd4 75. Rd7+ Ke8 76. Rxd4 1-0